Las grandes obras políticas: desde Maquiavelo hasta nuestros días.
Salvato in:
| Autore principale: | |
|---|---|
| Natura: | Libro |
| Lingua: | spagnolo |
| Pubblicazione: |
Bogotá, Colombia
Temis
1997
|
| Soggetti: | |
| Tags: |
Aggiungi Tag
Nessun Tag, puoi essere il primo ad aggiungerne!!
|
MARC
| LEADER | 00000nam a2200000 a 4500 | ||
|---|---|---|---|
| 001 | UCQ7858 | ||
| 003 | CL-VaPUC | ||
| 005 | 20240711135004.0 | ||
| 008 | 981121e19970000CK |||||||||||||||||spa|d | ||
| 999 | |c 277238 |d 277236 | ||
| 040 | |c Pontificia Universidad Católica de Valparaíso | ||
| 082 | 0 | 4 | |a 320.01 CHE 1997 |2 21 |
| 100 | 0 | |a Chevallier, Jean-Jacques |9 421621 | |
| 245 | 1 | 4 | |a Las grandes obras políticas: desde Maquiavelo hasta nuestros días. |
| 260 | 0 | 3 | |a Bogotá, Colombia |b Temis |c 1997 |
| 300 | |a 391 páginas. | ||
| 583 | |a last modification |c 19981121 00:00:00 |k Rodrigo Vera | ||
| 600 | 0 | |a Maquiavelo, Nicolás |d 1469-1527 |9 255701 | |
| 650 | 0 | |a Ciencias Políticas |9 255201 | |
| 650 | 0 | |a Historia |9 255047 | |
| 650 | 7 | |a SISTEMAS POLITICOS |2 CL-VaPUC |9 421622 | |
| 650 | 0 | |a Absolutismo |9 257456 | |
| 650 | 0 | |a Socialismo |9 255260 | |
| 650 | 7 | |a NACIONALISMO |2 CL-VaPUC |9 421623 | |
| 650 | 0 | |a Política |9 255312 | |
| 942 | |c BK |2 ddc | ||
| 945 | |d 19981121 00:00:00 |a aarredon | ||
| 952 | |0 0 |1 0 |2 ddc |4 0 |6 320_010000000000000_CHE_1997 |7 0 |8 A |9 315104 |a BIBDER |b BIBDER |d 2019-11-20 |i 3480917 |o 320.01 CHE 1997 |p 3480917 |r 2023-01-25 |t 2 |w 2019-11-20 |y BK |k DER | ||